Shmuesn vegn yidisher shprakh (Запись № 11627579)

Подробности
000 -МАРКЕР
контрольное поле 01470nam0a22003611 4500
001 - ИДЕНТИФИКАТОР ЗАПИСИ
контрольное поле RU\NLR\Evr\9564
005 - ИДЕНТИФИКАТОР ВЕРСИИ
контрольное поле 20251202160538.0
035 ## - ДРУГИЕ СИСТЕМНЫЕ НОМЕРА
Идентификатор записи (NLR Aleph) 011425937
100 ## - ДАННЫЕ ОБЩЕЙ ОБРАБОТКИ
Данные общей обработки 20160519d1989 u y0rusy50 ca
101 0# - ЯЗЫК РЕСУРСА
Язык текста, звукозаписи и т.д. идиш
-- русский
102 ## - СТРАНА ПУБЛИКАЦИИ ИЛИ ПРОИЗВОДСТВА
Страна публикации российская федерация
105 ## - ПОЛЕ КОДИРОВАННЫХ ДАННЫХ: ТЕКСТОВЫЕ МАТЕРИАЛЫ, МОНОГРАФИЧЕСКИЕ
Кодированные данные о монографическом текстовом документе y |||||||||
200 1# - ЗАГЛАВИЕ И СВЕДЕНИЯ ОБ ОТВЕТСТВЕННОСТИ
Связь между полями a01
Графика поля Латинская
Основное заглавие Shmuesn vegn yidisher shprakh
Первые сведения об ответственности Moyshe Shapiro
210 ## - ПУБЛИКАЦИЯ, РАСПРОСТРАНЕНИЕ И ДР.
Связь между полями a01
Место издания, распространения и т.д. Moskve
Имя издателя, распространителя и т. д. Sovetski pisatel
Дата издания, распространения и т.д. 1989
Графика поля Кириллица
210 ## - ПУБЛИКАЦИЯ, РАСПРОСТРАНЕНИЕ И ДР.
Связь между полями a01
-- z02
Место издания, распространения и т.д. מאָסקווע
Имя издателя, распространителя и т. д. סאָוועטסקי פיסאטעל
Дата издания, распространения и т.д. 1989
210 ## - ПУБЛИКАЦИЯ, РАСПРОСТРАНЕНИЕ И ДР.
-- z02
Место издания, распространения и т.д. Москва
Имя издателя, распространителя и т. д. Советский писатель
Дата издания, распространения и т.д. 1989
Графика поля Кириллица
215 ## - ФИЗИЧЕСКАЯ ХАРАКТЕРИСТИКА
Специфическое обозначение материала и объем 128 с.
Размеры 17 см.
225 1# - СЕРИЯ
-- a01
-- ba
Основное заглавие серии Bibliotek fun "Sovetish Heymland"
Обозначение тома № 5-6 (101-102)
225 1# - СЕРИЯ
-- a01
Международный стандартный номер (кроме ISSN) z02
Основное заглавие серии ביבליאָטעק פון סאָוועטיש היימלאנד
Обозначение тома №6-5 (102-101)
225 1# - СЕРИЯ
-- ca
Международный стандартный номер (кроме ISSN) z02
Основное заглавие серии Библиотека [журнала] "Советиш Геймланд"
Обозначение тома № 5-6 (101-102)
510 1# - ПАРАЛЛЕЛЬНОЕ ЗАГЛАВИЕ
Связь между полями a01
Параллельное заглавие שמועסן וועגן יידישער שפּראך
-- מוישע שאפּיראָ
517 1# - ДРУГИЕ ВАРИАНТЫ ЗАГЛАВИЯ
Вариант заглавия Беседы на языке идиш
Язык заглавия русский
541 1# - ПЕРЕВОД ЗАГЛАВИЯ, СДЕЛАННЫЙ КАТАЛОГИЗАТОРОМ
Заглавие Беседы о языке идиш
Язык заглавия русский
700 #1 - ИМЯ ЛИЦА - ПЕРВИЧНАЯ ОТВЕТСТВЕННОСТЬ
Связь между полями a01
Начальный элемент ввода Шапиро
Часть имени, кроме начального элемента ввода М.
Даты 1899-1973
Расширение инициалов личного имени Мойше
Идентификатор авторитетной/нормативной записи RU\NLR\AUTH\7949204
Код отношения Автор
Графика поля Кириллица
801 #0 - ИСТОЧНИК ЗАПИСИ
Страна российская федерация
Организация NLR
Дата составления 20160519
Правила каталогизации psbo
801 #0 - ИСТОЧНИК ЗАПИСИ
Страна российская федерация
Организация NLR
Правила каталогизации PSBO
801 #1 - ИСТОЧНИК ЗАПИСИ
Страна российская федерация
Организация NLR
Дата составления 20160519
Источник данных rusmarc
852 ## - МЕСТОНАХОЖДЕНИЕ И ШИФР ХРАНЕНИЯ
Идентификатор организации NLR
Наименование фонда или коллекции (Sub-Location Identifier) ОЛСАА/идиш
Шифр хранения (Call Number) 2-2290
942 ## - ДОПОЛНИТЕЛЬНЫЕ ЭЛЕМЕНТЫ ЗАПИСИ (АБИС)
Тип экземпляра АБИС Книга
980 ## - КОЛЛЕКЦИЯ
Название коллекции Национальная библиография
980 1# - КОЛЛЕКЦИЯ
Название коллекции Издания на идише из фонда ОЛСАА

Нет доступных экземпляров.